Catálogo

Vista normal Vista MARC

Entrada Personal Name

Número de registros utilizados en: 1

001 - CONTROL NUMBER

  • control field: 13403

003 - CONTROL NUMBER IDENTIFIER

  • control field: DLC

005 - DATE AND TIME OF LATEST TRANSACTION

  • control field: 20221012102159.0

008 - FIXED-LENGTH DATA ELEMENTS

  • fixed length control field: 020925n| azannaabn |n aaa c

010 ## - LIBRARY OF CONGRESS CONTROL NUMBER

  • LC control number: no2002087780

035 ## - SYSTEM CONTROL NUMBER

  • System control number: (OCoLC)oca05871915

040 ## - CATALOGING SOURCE

  • Original cataloging agency: WaLyOCLC
  • Language of cataloging: spa
  • Description conventions: rda
  • Transcribing agency: Mx-PuUPA
  • Modifying agency: NmU
  • Modifying agency: UPB
  • Modifying agency: Mx-PuUPA

046 ## - SPECIAL CODED DATES

  • Birth date: 1975
  • Source of date scheme: edtf

053 #0 - LC CLASSIFICATION NUMBER

  • Classification number element--single number or beginning number of span: PQ8498.28.O4187

100 1# - HEADING--PERSONAL NAME

  • Personal name: Roncagliolo, Santiago,
  • Dates associated with a name: 1975-

370 ## - ASSOCIATED PLACE

  • Place of birth: Lima (Perú)
  • Source of term: naf

372 ## - FIELD OF ACTIVITY

  • Field of activity: Novela, cuento

373 ## - ASSOCIATED GROUP

  • Associated group: Colegio inmaculada
  • Associated group: Pontificia Universidad Católica del Perú

374 ## - OCCUPATION

  • Occupation: Autor
  • Occupation: Novelista
  • Occupation: Escritor
  • Occupation: Dramaturgo
  • Occupation: Guionista
  • Occupation: Traductor y periodista peruano

375 ## - GENDER

  • Gender: hombre

377 ## - ASSOCIATED LANGUAGE

  • Language code: spa

670 ## - SOURCE DATA FOUND

  • Source citation: La guerra de Mostark, 2001:
  • Information found: t.p. (Santiago Roncagliolo)

670 ## - SOURCE DATA FOUND

  • Source citation: El príncipe de los Caimanes, c2002: front cover flap (b. 1975; Lima, Perú)

678 ## - BIOGRAPHICAL OR HISTORICAL DATA

  • Biographical or historical data: Santiago Rafael Roncagliolo Lohmann (Lima, 29 de marzo de 1975) es un escritor, dramaturgo, guionista, traductor y periodista peruano. Es autor de una trilogía de novelas sin ficción sobre el siglo xx latinoamericano. Hijo del sociólogo, periodista y político Rafael Roncagliolo y de Catalina Lohmann, Santiago Roncagliolo pasó parte de su infancia en México. Su familia dejó temporalmente el país en 1977, debido al gobierno militar de Morales Bermúdez que se había instaurado en 1975. Después de vivir en México, Santiago regresó con sus padres a Perú, estudió en el Colegio de la Inmaculada y se licenció en Lingüística y Literatura en la Pontificia Universidad Católica del Perú.